| 000 | 00456nam a2200181Ia 4500 | ||
|---|---|---|---|
| 005 | 20250923150331.0 | ||
| 008 | 008 250917s9999 xx 000 0 eng d | ||
| 037 | _aTextual | ||
| 040 |
_aDSWL _beng _cDSWL |
||
| 041 |
_aeng _2eng |
||
| 084 | _qDSWL | ||
| 100 |
_aPradhan, K C _9844816 |
||
| 245 | 0 |
_aWomen and social change _cby K C Pradhan |
|
| 260 |
_aDelhi _b Abhijeet _c2010 |
||
| 300 | _a454p. | ||
| 942 | _cTEXL | ||
| 999 |
_c1462305 _d1462305 |
||